Mehmood : (Record no. 130389)

MARC details
000 -LEADER
fixed length control field 00754nam a22002297a 4500
005 - DATE AND TIME OF LATEST TRANSACTION
control field 20170124110111.0
010 ## - LIBRARY OF CONGRESS CONTROL NUMBER
LC control number B-165870
020 ## - INTERNATIONAL STANDARD BOOK NUMBER
Terms of availability 225.00
International Standard Book Number 9788179912133
035 ## - SYSTEM CONTROL NUMBER
System control number B-165870
037 ## - SOURCE OF ACQUISITION
Source of stock number/acquisition Cen Lib/Ret
Stock number 630257
040 ## - CATALOGING SOURCE
Original cataloging agency DPL
Language of cataloging EN
082 ## - DEWEY DECIMAL CLASSIFICATION NUMBER
Classification number 921
Item number HAN
100 ## - MAIN ENTRY--PERSONAL NAME
Personal name Hanif Javeri
9 (RLIN) 29084
245 ## - TITLE STATEMENT
Title Mehmood :
Statement of responsibility, etc by Hanif Javeri
Remainder of title a man of many moods /
260 ## - PUBLICATION, DISTRIBUTION, ETC. (IMPRINT)
Place of publication, distribution, etc Mumbai
Name of publisher, distributor, etc Popular Prakashan
Date of publication, distribution, etc 2005
270 ## - ADDRESS
Address 35-C, Madan Mohan Malaviya Marg Popular Press Building Tardeo
City Mumbai
Postal code 400034
300 ## - PHYSICAL DESCRIPTION
Extent 211p. :
Dimensions 20cm(pbk)
Other physical details ill.
500 ## - GENERAL NOTE
General note Includes filmographical reference and index
650 ## - SUBJECT ADDED ENTRY--TOPICAL TERM
Topical term or geographic name as entry element Motion picture actors and actresses
9 (RLIN) 29085
650 ## - SUBJECT ADDED ENTRY--TOPICAL TERM
Topical term or geographic name as entry element Comedians
9 (RLIN) 29086
942 ## - ADDED ENTRY ELEMENTS (KOHA)
Source of classification or shelving scheme Dewey Decimal Classification
Koha item type English Books
Classification part 921
Call number suffix HAN
Holdings
Withdrawn status Lost status Damaged status Not for loan Home library Current library Date acquired Source of acquisition Cost, normal purchase price Total Checkouts Full call number Barcode Date last seen Date checked out Copy number Cost, replacement price Price effective from Koha item type Source of classification or shelving scheme Collection code Total Renewals
        Central Library Central Library 09/07/2015 Cen Lib/Ret 225.00 1 921 HAN B-165870 23/10/2018 06/10/2018 1 225.00 09/07/2015 English Books      
        Sarojini Nagar Sarojini Nagar 25/05/2019     2 921 HAN B-165871 30/04/2024 02/04/2024     25/05/2019 English Books Dewey Decimal Classification Non-fiction 3

© Delhi Public Library
Hit Counter
free hit counter